| 000 | 01484nam a2200373 c 4500 | ||
|---|---|---|---|
| 999 |
_c31084 _d31084 |
||
| 003 | BLK | ||
| 005 | 20230927113314.0 | ||
| 008 | 180407b bul|||||r ||||||| ||bul|| | ||
| 010 | _aKNG00033729000 | ||
| 020 | _a954-625-219-0 | ||
| 040 | _aBLK | ||
| 041 |
_aBUL _cBUL |
||
| 080 |
_aИзобретения и открития. Изобретателство. Рационализации. Патенти. Промишлени образци. Вж и 347.77 _b001.894 _x(100)(091) _z001.894(100)(091) |
||
| 100 | 1 |
_aКренфийлд, Ингрид _eпърви автор _984111 |
|
| 139 |
_aКренфийлд, Ингрид и др. _bК 90 |
||
| 245 | 1 | 0 |
_a[Сто] 100 най-велики изобретения _cИнгрид Кренфийлд; съавт. Филип Уилкинсън; прев. Христо Найденов. |
| 257 | _aGBR | ||
| 260 |
_bФют _c2000 _fПК "Д. Благоев" _aСофия |
||
| 300 |
_a110 с. _bс цв. ил. _c28 см |
||
| 380 | _a62 | ||
| 500 | _aДеп. сп.37 | ||
| 650 | 4 |
_aИзобретения - история _9244564 |
|
| 653 | _aизобретения | ||
| 653 | _aизобретатели | ||
| 700 | 1 |
_aУилкинсън, Филип _eсъавт. _9271219 |
|
| 700 | 1 |
_aНайденов, Христо _eпрев. _9366612 |
|
| 852 | _aЦб ІІ 10895 | ||
| 856 | 4 | _qpdf | |
| 856 | 4 | _qpdf | |
| 942 |
_cKNG _n0 _02 _s1 |
||
| 944 |
_aCR _c15.01.2003 _k30551 _lБояна Костадинова |
||
| 944 |
_aED _c15.01.2003 |
||
| 999 | _d31084 | ||